|
|
|
|
| LEADER |
00000nam a2200000 a 4500 |
| 001 |
vtls001132151 |
| 003 |
SK-MaSNL |
| 005 |
20260425221856.0 |
| 008 |
250414s1991 er grd 00000 est |
| 035 |
|
|
|a SNK000075003
|
| 040 |
|
|
|a SNK
|b slo
|c SNK
|e AACR2
|
| 041 |
0 |
|
|a est
|a eng
|
| 044 |
|
|
|a er
|c EE
|
| 072 |
|
7 |
|a 811.111
|x Angličtina
|2 konspekt
|
| 072 |
|
7 |
|a 811.51
|x Uralskoaltajské jazyky
|2 konspekt
|
| 072 |
|
7 |
|a 81
|x Lingvistika. Jazyky
|2 konspekt
|
| 080 |
|
|
|a 801.323.2=20=945.45
|2 1981
|
| 080 |
|
|
|a 811.111
|2 2011
|
| 080 |
|
|
|a 811.511.113
|2 2011
|
| 080 |
|
|
|a 81'374
|2 2011
|
| 100 |
1 |
|
|a Liiv, Suliko,
|d 1953-
|4 aut
|9 280797
|
| 245 |
1 |
0 |
|a Inglise-eesti sonastik
|c Suliko Liiv
|
| 246 |
3 |
1 |
|a English-estonian dictionary
|
| 260 |
|
|
|a Tallinn
|b Ilo
|c 1991
|
| 300 |
|
|
|a 174 s.
|c 14 cm
|
| 500 |
|
|
|a Súbežný názov anglicky
|
| 650 |
0 |
7 |
|a angličtina
|2 SNKPH
|9 1260
|
| 650 |
0 |
7 |
|a estónčina
|2 SNKPH
|9 1493
|
| 655 |
|
7 |
|a jazykové slovníky
|2 SNKPH
|9 70525
|
| 852 |
|
|
|a Slovenská národná knižnica
|
| 954 |
|
|
|a odborná, vedecká literatúra cudzojazyčná (svetová)
|2 lita
|
| 958 |
|
|
|a OND
|
| 958 |
|
|
|a RK
|
| 958 |
|
|
|a TL
|
| 999 |
|
|
|c 536005
|d 537935
|
| 952 |
|
|
|t P60, <04>, [BOOK], {604}
|a SNK
|b SNK
|y VYP
|7 0
|p 17A0187386
|o snkIE 9457
|0 0
|1 0
|4 0
|d 1999-03-23
|l 0
|r 2005-01-01 00:00:00
|w 2026-02-23
|